00932nam a22001937a 4500999001900000005001700019010001300036020002300049035000800072100001800080245007400098250005700172260006400229270004600293300003400339500020100373942003100574952013300605 c162863d16286320190323105841.0 aB-087199 a8178083736c425.00 aDPL aSklar,Bernard aDigital Communications:bFundamentals and ApplicationscBernard Sklar aFirst Indian Reprint,2001bFifth Indian Reprint,2004 aIndian Branch, New DelhibPearson Education Pte. Ltd.c2004 a482 F.I.E., patparganjbNew Delhie110092 axxiv, 1079p.billc24cm.(pbk) aAll products or Services mentioned in this book are the trademarks or service marks of their respective Companies or organizations. Screen shots reprinted by permission from Microsoft Corporation. 2ddccENe2ndh621.381mSKL 001040708NFICaLbLd2019-03-23g425.00l1o621.381 SKLpB-087199r2019-12-26 00:00:00s2019-11-30t1v425.00w2019-03-23yEN